Божественная комедия. Ад (Запись № 13613965)
[ простой вид ]
| 000 -МАРКЕР | |
|---|---|
| контрольное поле | 01806nam2a2200349 4500 |
| 001 - ИДЕНТИФИКАТОР ЗАПИСИ | |
| контрольное поле | rc\2994171 |
| 005 - ИДЕНТИФИКАТОР ВЕРСИИ | |
| контрольное поле | 20260524042742.0 |
| 035 ## - ДРУГИЕ СИСТЕМНЫЕ НОМЕРА | |
| Идентификатор записи | (NLR Aleph) 007138001 |
| 100 ## - ДАННЫЕ ОБЩЕЙ ОБРАБОТКИ | |
| Данные общей обработки | 20110916d1940 u y0rusy50 ca |
| 101 1# - ЯЗЫК РЕСУРСА | |
| Язык текста, звукозаписи и т.д. | русский |
| 102 ## - СТРАНА ПУБЛИКАЦИИ ИЛИ ПРОИЗВОДСТВА | |
| Страна публикации | Российская Федерация |
| 105 ## - ПОЛЕ КОДИРОВАННЫХ ДАННЫХ: ТЕКСТОВЫЕ МАТЕРИАЛЫ, МОНОГРАФИЧЕСКИЕ | |
| Кодированные данные о монографическом текстовом документе | ca z ||||| |
| 200 0# - ЗАГЛАВИЕ И СВЕДЕНИЯ ОБ ОТВЕТСТВЕННОСТИ | |
| Основное заглавие | Ад |
| Первые сведения об ответственности | Пер. М. Лозинского |
| Последующие сведения об ответственности | Комментарии А.И. Белецкого |
| -- | Ил. Гюстава Дорэ |
| 210 ## - ПУБЛИКАЦИЯ, РАСПРОСТРАНЕНИЕ И ДР. | |
| Дата издания, распространения и т.д. | 1940 |
| 215 ## - ФИЗИЧЕСКАЯ ХАРАКТЕРИСТИКА | |
| Специфическое обозначение материала и объем | 336 с., 1 вкл. л. портр. |
| Другие сведения о физической характеристике | ил., портр. |
| 300 ## - ОБЩИЕ ПРИМЕЧАНИЯ | |
| Текст примечания | На обороте тит. л.: Dante Alighieri. La Divina commedia. Inferno |
| 300 ## - ОБЩИЕ ПРИМЕЧАНИЯ | |
| Текст примечания | На переплете только загл. части: Ад |
| 327 0# - ПРИМЕЧАНИЯ О СОДЕРЖАНИИ | |
| Текст примечания | Вступ. статья: Дживелегов А.К. Данте и его "Комедия", с. 3-17 |
| 461 #0 - УРОВЕНЬ НАБОРА | |
| Встроенное поле | 001rc\2994170 |
| -- | 2000#$aБожественная комедия$vАд |
| -- | 700#1$aДанте$bА.$gАлигьери$f1265-1321 |
| Системный номер (АБИС) связанной записи | 7026566 |
| Автор | Данте, А. (1265-1321) |
| Место публикации | Москва |
| Дата публикации | 1940 |
| Имя издателя, распространителя и т.д. | Гослитиздат |
| Заглавие | Божественная комедия |
| Номер тома | Ад |
| 464 #0 - АНАЛИТИЧЕСКИЙ УРОВЕНЬ | |
| Встроенное поле | 2001#$aДанте и его "Комедия" |
| -- | 700#1$aДживелегов$bА. К.$4070 |
| Заглавие | Данте и его "Комедия" |
| Автор | Дживелегов, А. К. |
| 500 ## - УНИФИЦИРОВАННОЕ ЗАГЛАВИЕ | |
| Графика поля | Латинская |
| Унифицированное заглавие | Divina commedia |
| Наименование раздела или части | Inferno |
| Системный номер авторитетной/нормативной записи | 2639527 |
| Идентификатор авторитетной / нормативной записи | RU\NLR\AUTH\5508555 |
| 700 #0 - ИМЯ ЛИЦА - ПЕРВИЧНАЯ ОТВЕТСТВЕННОСТЬ | |
| Графика поля | Кириллица |
| Материалы, к которым относится поле | rus |
| Начальный элемент ввода | Данте Алигьери |
| Даты | 1265-1321 |
| Системный номер авторитетной/нормативной записи | 122012 |
| Идентификатор авторитетной/нормативной записи | RU\NLR\AUTH\7712289 |
| 702 #1 - ИМЯ ЛИЦА - ВТОРИЧНАЯ ОТВЕТСТВЕННОСТЬ | |
| Код отношения | Переводчик |
| Графика поля | Кириллица |
| Материалы, к которым относится поле | rus |
| Начальный элемент ввода | Лозинский |
| Часть имени, кроме начального элемента ввода | М. Л. |
| Даты | 1886-1955 |
| Расширение инициалов личного имени | Михаил Леонидович |
| Системный номер авторитетной/нормативной записи | 49067 |
| Идентификатор авторитетной/нормативной записи | RU\NLR\AUTH\7766138 |
| 702 #1 - ИМЯ ЛИЦА - ВТОРИЧНАЯ ОТВЕТСТВЕННОСТЬ | |
| Начальный элемент ввода | Белецкий |
| Часть имени, кроме начального элемента ввода | А. И. |
| Код отношения | Прочие |
| 702 #1 - ИМЯ ЛИЦА - ВТОРИЧНАЯ ОТВЕТСТВЕННОСТЬ | |
| Начальный элемент ввода | Дорэ |
| Часть имени, кроме начального элемента ввода | Г. |
| Даты | 1832-1883 |
| Расширение инициалов личного имени | Гюстав |
| Код отношения | Иллюстратор |
| 801 #0 - ИСТОЧНИК ЗАПИСИ | |
| Страна | Российская Федерация |
| Организация | NLR |
| Правила каталогизации | psbo |
| 801 #1 - ИСТОЧНИК ЗАПИСИ | |
| Страна | Российская Федерация |
| Организация | ELAR |
| Источник данных | rusmarc |
| 852 ## - МЕСТОНАХОЖДЕНИЕ И ШИФР ХРАНЕНИЯ | |
| Идентификатор организации | NLR |
| Шифр хранения (Call Number) | 40-19/127(1) |
| 942 ## - ДОПОЛНИТЕЛЬНЫЕ ЭЛЕМЕНТЫ ЗАПИСИ (АБИС) | |
| Тип экземпляра АБИС | Неопределено |
| 980 ## - КОЛЛЕКЦИЯ | |
| Название коллекции | Национальная библиография |
Нет доступных экземпляров.